| 000 | 00474nam a2200181Ia 4500 | ||
|---|---|---|---|
| 008 | 100920s9999 xx 000 0 und d | ||
| 082 |
_b50055 _a--- 0 |
||
| 100 | _aकर्णिक मधुमंगेश. | ||
| 245 | _aजुईली. | ||
| 260 |
_b--- _c0 |
||
| 300 |
_a206 _bसाधी |
||
| 365 | _b45 | ||
| 520 | _aकादंबरी. | ||
| 630 | _aजुईली. | ||
| 650 | _aकादंबरी. | ||
| 730 | _aजुईली. | ||
| 942 | _cBOOK | ||
| 999 |
_c696469 _d696466 |
||